000 02195cam a22004814i 4500
003 PE-LiUPU
005 20250731173012.0
008 150623s r 000 0 d
020 _a156563344X
035 _a(Sirsi) i9781565633445
040 _aPE-LiUPU
_bspa
_cPE-LiUPU
_erda
049 _aPRUA
082 0 4 _a231.745 0901
_bW74
_221
100 1 _aWitherington, Ben,
_d1951-,
_eautor.
245 1 0 _aJesus the seer :
_bthe progress of prophecy /
_cBen Witherington III.
264 1 _aPeabody, Massachusetts :
_bHendrickson Publishers,
_c1999.
300 _a427 páginas ;
_c24 centímetros
336 _atext
_2rdacontent
337 _aunmediated
_2rdamedia
338 _avolume
_2rdacarrier
504 _aIncluye bibliografía.
505 0 _aThe beginning of the word. -Keepers of the flame: the early Israelite prophetic experience. -Courting the prophets: prophets and the early monarchy. -Prophets of holy writ: from Amos to tthe exile. -Exilic dreams of grandeur. -Vital visions or dying of the ligth?. -Apocalypse-then. -Jesus the seer. -Prophets, seer, and dreamers at the dawn of the Christian era. -Profile of a prophet and his movement: Jesus and his followers in the Greco-Roman World. -From the Seer to the shepherd: Apocalyptic at the end of the New Testament Era. -From Mari to Montanus. -The progress of prophecy: conclusions.
526 _aSEG42
526 _aSEG41
526 _aSEG40
526 _aSEG39
526 _aP94
526 _aP87
526 _aP86
526 _aP85
526 _aP77
526 _aP76
526 _aP35
650 0 4 _aProfecía
_xCristianismo
_xHistoria de las doctrinas
_vIglesia primitiva, ca. 30-600.
650 0 4 _aProfecía
_xHistoria.
650 0 4 _aProfetas
_zCercano Oriente
_xHistoria.
942 _2ddc
_cBOOK
949 _a231.745 0901 W74
_wDEWEY
_c1
_i46636
_lCCODEBUL1
_mBUL
_r0
_sY
_tBOOK
_u2015-6-24
_xTEOLOGIA
_PP35
_0COMPRA
_o.STAFF. Colección General
994 _aC0
_bPEPRU
596 _a1
999 _a231.745 0901 W74
_wDEWEY
_c23423
_i46636
_f2021-11-9
_g5
_lCCODEBUL1
_mBUL
_r0
_sY
_tBOOK
_u2015-6-24
_xTEOLOGIA
_PP35
_0COMPRA
_o.STAFF. Colección General
_d23423
980 _81
_gALBERTO SANCHEZ Responsable de Automatización